| Поле | Инд. | ПП | Название | Значение |
|---|---|---|---|---|
| Тип записи | a | |||
| Библиографический уровень | m | |||
| 001 | Контрольный номер | 26ec857a-8e0e-42d5-824e-3a4489ec6fca | ||
| 005 | Дата корректировки | 20140703152332.1 | ||
| 008 | Кодируемые данные | 070209 | ||
| 020 | a | ISBN | 5-89495-125-9 | |
| c | Цена, тираж | 50.00 | ||
| 040 | a | Служба первич. каталог. | НБ ТвГУ | |
| 041 | a | Код языка текста | rus | |
| 080 | a | Индекс УДК | 821.161.1-1/-2 | |
| 084 | a | Индекс другой классификации/Индекс ББК | Ш6(2=411.2)6-5 | |
| a | Индекс другой классификации/Индекс ББК | Ш6(2=411.2)6-6 | ||
| 090 | x | Авторский знак | Л47 | |
| a | Полочн. индекс | Р2 | ||
| 100 | 1_ | a | Автор | Леонтьева Виктория В. |
| 245 | 10 | a | Заглавие | Не знаю я, кого назвать мне другом... |
| b | Продолж. заглавия | избранное (1988-2004) : пьесы | ||
| c | Ответственность | Виктория Леонтьева ; худож. оформ. А. О. Легоньковой | ||
| 260 | 0_ | a | Место издания | СПб. |
| b | Издательство | Крисмас+ | ||
| c | Дата издания | 2004 | ||
| 300 | a | Объем | 239, [1] с. | |
| b | Иллюстрации/ тип воспроизводства | ил. | ||
| 583 | a | Действие | Получение впервые 22 08.02.2007 | |
| k | Исполнитель действия | Дар Леонтьевой В.В. | ||
| 653 | a | Ключевые слова | Художественная | |
| 700 | 1_ | a | Другие авторы | Легонькова А. О. |
| e | Роль лиц | оформ. | ||
| 852 | t | Порядковый номер экземпляра | 1 | |
| p | Инвентарный номер | 869932 | ||
| 863 | t | 00166482 | ||
| 888 | a | Бесплатные | ||
| 930 | a | Новая/Ретро | художественная | |
| 952 | p | 22.2007 50.00 1 869932 | ||
| c | Вид литературы | К рх | ||
| 954 | a | Дата поступления на обработку | 20070213 | |
| 999 | a | Подразделение 2 | аб. |